00669 am a2200181 a 450000500170000000800410001702000150005804100080007310000210008124500670010225000440016926000600021330000110027350001430028465300190042765300190044670000220046520240625110722.0100616s2000||||ag d f |||| 001 0 spa d a9500615223 aspa1 aYoung, Thomas E. aNeofax.bManual de drogas neonatológicas / cThomas E. Young a12a ed.bTraducción de Diana S. Klajn aBuenos Aires: bEditorial Médica Panamericana;c2000. a369 p. aYoung, T. E. y Mangum, O. B. (2000). Neofax. Manual de drogas neonatológicas. (12a ed.). Buenos Aires : Editorial Médica Panamericana. aFarmacología aNeonatología1 aMangum, O. Barry.